[Event "GER-chW Blitz 2019"]
[Site "Magdeburg"]
[Date "2019.05.25"]
[Round "2.4"]
[White "Zimmer, Elke"]
[Black "Lubbe, Melanie"]
[Result "0-1"]
[WhiteElo "1926"]
[BlackElo "2278"]
[Annotator "NA"]
[PlyCount "141"]
[EventDate "2019.05.25"]
[EventType "tourn"]
[EventCountry "GER"]
[SourceTitle "playchess.com"]
[Source "ChessBase"]
[SourceQuality "1"]
[TimeControl "180+2"]

1. e4 {[%emt 0:00:00]} c5 {[%emt 0:00:00]} 2. Nc3 {[%emt 0:00:01]} Nc6 {[%emt 0:00:00]} 3. g3 {[%emt 0:00:01]} g6 {[%emt 0:00:00]} 4. Bg2 {[%emt 0:00:00]} Bg7 {[%emt 0:00:01]} 5. d3 {[%emt 0:00:01]} d6 {[%emt 0:00:00]} 6. h3 {[%emt 0:00:03]} e6 {[%emt 0:00:00]} 7. Be3 {[%emt 0:00:01]} Nd4 {[%emt 0:00:01]} 8. Nge2 {[%emt 0:00:06]} Rb8 {[%emt 0:00:01]} 9. Qd2 {[%emt 0:00:10]} b5 {[%emt 0:00:02]} 10. Nd1 {[%emt 0:00:01]} b4 {[%emt 0:00:06]} 11. c3 {[%emt 0:00:04]} Nxe2 {[%emt 0:00:04]} 12. Qxe2 {[%emt 0:00:05]} bxc3 {[%emt 0:00:03]} 13. bxc3 {[%emt 0:00:01]} Bd7 {[%emt 0:00:05]} 14. O-O {[%emt 0:00:01]} Ne7 {[%emt 0:00:01]} 15. Qd2 {[%emt 0:00:06]} O-O {[%emt 0:00:02]} 16. Bh6 {[%emt 0:00:01]} Rb6 {[%emt 0:00:14]} 17. Bxg7 {[%emt 0:00:01]} Kxg7 {[%emt 0:00:01]} 18. d4 {[%emt 0:00:02]} cxd4 {[%emt 0:00:09]} 19. cxd4 {[%emt 0:00:00]} Qb8 {[%emt 0:00:07]} 20. Kh2 {[%emt 0:00:02]} d5 {[%emt 0:00:10]} 21. Rc1 {[%emt 0:00:15]} Bc6 {[%emt 0:00:06]} 22. Nc3 {[%emt 0:00:10]} dxe4 {[%emt 0:00:21]} 23. Nxe4 {[%emt 0:00:02]} Bxe4 {[%emt 0:00:05]} 24. Bxe4 {[%emt 0:00:01]} Rd8 {[%emt 0:00:10]} 25. Rb1 {[%emt 0:00:12]} Qd6 {[%emt 0:00:10]} 26. Rfd1 {[%emt 0:00:16]} Rxb1 {[%emt 0:00:03]} 27. Bxb1 {[%emt 0:00:01]} Nd5 {[%emt 0:00:10]} 28. Bc2 {[%emt 0:00:21]} Rb8 {[%emt 0:00:01]} 29. Bb3 {[%emt 0:00:01]} Nf6 {[%emt 0:00:09]} 30. Qe3 {[%emt 0:00:04]} a5 {[%emt 0:00:06]} 31. Qe5 {[%emt 0:00:17]} Qxe5 {[%emt 0:00:02]} 32. dxe5 {[%emt 0:00:01]} Ne4 {[%emt 0:00:01]} 33. Kg2 {[%emt 0:00:07]} Nc5 {[%emt 0:00:08]} 34. Bc4 {[%emt 0:00:12]} Rb2 {[%emt 0:00:09]} 35. Re1 {[%emt 0:00:06]} Rc2 {[%emt 0:00:02]} 36. Bb5 {[%emt 0:00:12]} Rxa2 37. Rc1 Nb3 {[%emt 0:00:13]} 38. Rc7 {[%emt 0:00:10]} Nd4 {[%emt 0:00:18]} 39. Be8 {[%emt 0:00:01]} a4 {[%emt 0:00:08]} 40. Bxf7 {[%emt 0:00:01]} Kf8 {[%emt 0:00:09]} 41. Rd7 {[%emt 0:00:03]} Rd2 {[%emt 0:00:08]} 42. Bxe6 {[%emt 0:00:06]} Ke8 {[%emt 0:00:03]} 43. Rd6 {[%emt 0:00:08]} Ke7 {[%emt 0:00:02]} 44. Bg8 {[%emt 0:00:03]} a3 {[%emt 0:00:09]} 45. Ra6 {[%emt 0:00:03]} Nb5 {[%emt 0:00:07]} 46. Bc4 {[%emt 0:00:09]} Nd4 {[%emt 0:00:15]} 47. Ra7+ {[%emt 0:00:05]} Ke8 {[%emt 0:00:02]} 48. Rxa3 {[%emt 0:00:05]} Rc2 {[%emt 0:00:05]} 49. Bg8 {[%emt 0:00:04]} h5 {[%emt 0:00:02]} 50. Bh7 {[%emt 0:00:02]} Kf7 {[%emt 0:00:04]} 51. Ra7+ {[%emt 0:00:01]} Ke6 {[%emt 0:00:03]} 52. Bxg6 {[%emt 0:00:01]} Kxe5 {[%emt 0:00:00]} 53. Bxc2 {[%emt 0:00:02]} Nxc2 {[%emt 0:00:01]} 54. Rc7 {[%emt 0:00:02]} Nd4 {[%emt 0:00:01]} 55. f4+ {[%emt 0:00:02]} Kf5 {[%emt 0:00:01]} 56. Rd7 {[%emt 0:00:01]} Ne6 {[%emt 0:00:01]} 57. Kf3 {[%emt 0:00:03]} Kf6 {[%emt 0:00:00]} 58. Rd6 {[%emt 0:00:01]} Ke7 {[%emt 0:00:02]} 59. Rxe6+ {[%emt 0:00:01]} Kxe6 {[%emt 0:00:00]} 60. g4 {[%emt 0:00:02]} h4 {[%emt 0:00:02]} 61. f5+ {[%emt 0:00:02]} Kf6 {[%emt 0:00:00]} 62. Kf4 {[%emt 0:00:00]} Kg7 {[%emt 0:00:01]} 63. g5 {[%emt 0:00:01]} Kf7 {[%emt 0:00:00]} 64. Ke5 {[%emt 0:00:03]} Kg7 {[%emt 0:00:01]} 65. f6+ {[%emt 0:00:01]} Kf7 {[%emt 0:00:00]} 66. Kf5 Kg8 67. g6 {[%emt 0:00:01]} Kf8 {[%emt 0:00:01]} 68. Ke6 {[%emt 0:00:04]} Kg8 {[%emt 0:00:01]} 69. f7+ {[%emt 0:00:02]} Kf8 {[%emt 0:00:00]} 70. g7+ {[%emt 0:00:01]} Kxg7 {[%emt 0:00:01]} 71. Ke7 {[%emt 0:00:00]} 0-1

[Event "GER-chW Blitz 2019"]
[Site "Magdeburg"]
[Date "2019.05.25"]
[Round "2.5"]
[White "Kopylov, Luba"]
[Black "Fuchs, Judith"]
[Result "0-1"]
[WhiteElo "2078"]
[BlackElo "2218"]
[Annotator "NA"]
[PlyCount "164"]
[EventDate "2019.05.25"]
[EventType "tourn"]
[EventCountry "GER"]
[SourceTitle "playchess.com"]
[Source "ChessBase"]
[SourceQuality "1"]
[TimeControl "180+2"]

1. d4 {[%emt 0:00:00]} Nf6 {[%emt 0:00:00]} 2. c4 {[%emt 0:00:02]} c5 {[%emt 0:00:05]} 3. d5 {[%emt 0:00:01]} b5 {[%emt 0:00:01]} 4. cxb5 {[%emt 0:00:01]} a6 {[%emt 0:00:01]} 5. b6 {[%emt 0:00:01]} d6 {[%emt 0:00:02]} 6. Nc3 {[%emt 0:00:01]} Nbd7 {[%emt 0:00:01]} 7. a4 {[%emt 0:00:02]} Qxb6 {[%emt 0:00:05]} 8. a5 {[%emt 0:00:03]} Qa7 {[%emt 0:00:01]} 9. e4 {[%emt 0:00:03]} g6 {[%emt 0:00:01]} 10. Nf3 {[%emt 0:00:01]} Bg7 {[%emt 0:00:01]} 11. Be2 {[%emt 0:00:01]} O-O {[%emt 0:00:02]} 12. O-O {[%emt 0:00:02]} Rb8 {[%emt 0:00:01]} 13. Nd2 {[%emt 0:00:01]} Ne8 {[%emt 0:00:14]} 14. Nc4 {[%emt 0:00:03]} Nc7 {[%emt 0:00:04]} 15. Na4 {[%emt 0:00:19]} Nb5 {[%emt 0:00:14]} 16. Nab6 {[%emt 0:00:10]} Nd4 {[%emt 0:00:09]} 17. Bd3 {[%emt 0:00:09]} Nxb6 18. Nxb6 Be5 {[%emt 0:00:12]} 19. f4 {[%emt 0:00:37]} Bg7 {[%emt 0:00:01]} 20. h3 {[%emt 0:00:14]} Qc7 {[%emt 0:00:31]} 21. Qe1 {[%emt 0:00:06]} Nb3 {[%emt 0:00:05]} 22. Rb1 {[%emt 0:00:25]} Nxc1 {[%emt 0:00:05]} 23. Qxc1 {[%emt 0:00:01]} Qa7 {[%emt 0:00:23]} 24. Kh1 {[%emt 0:00:13]} Rd8 {[%emt 0:00:21]} 25. b4 {[%emt 0:00:07]} Bd4 {[%emt 0:00:08]} 26. f5 {[%emt 0:00:11]} Bd7 {[%emt 0:00:15]} 27. fxg6 {[%emt 0:00:03]} hxg6 {[%emt 0:00:03]} 28. Qf4 {[%emt 0:00:06]} Rf8 {[%emt 0:00:08]} 29. bxc5 {[%emt 0:00:07]} Bxc5 {[%emt 0:00:09]} 30. Qh6 {[%emt 0:00:17]} Bxb6 {[%emt 0:00:06]} 31. axb6 {[%emt 0:00:01]} Rxb6 {[%emt 0:00:01]} 32. Rxb6 {[%emt 0:00:04]} Qxb6 {[%emt 0:00:02]} 33. Rf4 {[%emt 0:00:00]} Qb2 {[%emt 0:00:08]} 34. Rh4 {[%emt 0:00:04]} Qg7 {[%emt 0:00:03]} 35. Qg5 {[%emt 0:00:01]} f6 {[%emt 0:00:04]} 36. Qd2 {[%emt 0:00:02]} Ra8 {[%emt 0:00:02]} 37. Qa5 {[%emt 0:00:02]} g5 {[%emt 0:00:02]} 38. Rg4 {[%emt 0:00:02]} Bxg4 {[%emt 0:00:02]} 39. hxg4 {[%emt 0:00:01]} Qh6+ {[%emt 0:00:02]} 40. Kg1 {[%emt 0:00:00]} Qg6 {[%emt 0:00:01]} 41. Qb6 {[%emt 0:00:09]} Qe8 {[%emt 0:00:01]} 42. Bxa6 {[%emt 0:00:03]} Qd8 {[%emt 0:00:02]} 43. Qc6 {[%emt 0:00:01]} Qb8 {[%emt 0:00:03]} 44. Bb7 {[%emt 0:00:02]} Ra7 {[%emt 0:00:02]} 45. Ba6 Rc7 {[%emt 0:00:01]} 46. Qa4 {[%emt 0:00:06]} Qb6+ {[%emt 0:00:02]} 47. Kh2 {[%emt 0:00:03]} Ra7 {[%emt 0:00:00]} 48. Bb5 {[%emt 0:00:04]} Qc5 {[%emt 0:00:00]} 49. Qb3 {[%emt 0:00:06]} Rb7 {[%emt 0:00:00]} 50. Qa4 {[%emt 0:00:04]} Qxb5 {[%emt 0:00:00]} 51. Qa8+ {[%emt 0:00:01]} Rb8 {[%emt 0:00:00]} 52. Qa2 {[%emt 0:00:02]} Kg7 {[%emt 0:00:00]} 53. Qf2 {[%emt 0:00:03]} Rh8+ {[%emt 0:00:00]} 54. Kg3 {[%emt 0:00:02]} Qd3+ {[%emt 0:00:00]} 55. Qf3 {[%emt 0:00:02]} Qxf3+ 56. Kxf3 {[%emt 0:00:00]} Ra8 {[%emt 0:00:00]} 57. Kg3 {[%emt 0:00:01]} Ra3+ {[%emt 0:00:00]} 58. Kh2 {[%emt 0:00:01]} Kf8 {[%emt 0:00:00]} 59. g3 {[%emt 0:00:01]} Re3 {[%emt 0:00:00]} 60. Kh3 {[%emt 0:00:01]} Rxe4 {[%emt 0:00:00]} 61. Kg2 {[%emt 0:00:01]} Rxg4 {[%emt 0:00:00]} 62. Kh3 {[%emt 0:00:01]} Rd4 {[%emt 0:00:00]} 63. g4 {[%emt 0:00:01]} Rd3+ {[%emt 0:00:00]} 64. Kh2 {[%emt 0:00:01]} Ke8 {[%emt 0:00:00]} 65. Kg2 {[%emt 0:00:01]} Kd7 {[%emt 0:00:00]} 66. Kf2 {[%emt 0:00:00]} Kc7 {[%emt 0:00:00]} 67. Ke2 {[%emt 0:00:01]} Ra3 {[%emt 0:00:00]} 68. Kd2 {[%emt 0:00:00]} Kb6 {[%emt 0:00:00]} 69. Kc2 {[%emt 0:00:01]} Rh3 {[%emt 0:00:00]} 70. Kd2 {[%emt 0:00:01]} Kc5 {[%emt 0:00:00]} 71. Ke2 {[%emt 0:00:00]} Kd4 {[%emt 0:00:00]} 72. Kf2 {[%emt 0:00:01]} Rb3 {[%emt 0:00:00]} 73. Ke2 {[%emt 0:00:00]} Ra3 74. Kf2 {[%emt 0:00:01]} Ke4 {[%emt 0:00:00]} 75. Ke2 {[%emt 0:00:01]} Ra2+ {[%emt 0:00:00]} 76. Kd1 {[%emt 0:00:00]} Ke3 {[%emt 0:00:00]} 77. Kc1 {[%emt 0:00:01]} Rh2 {[%emt 0:00:00]} 78. Kb1 {[%emt 0:00:00]} Kd3 {[%emt 0:00:00]} 79. Ka1 {[%emt 0:00:01]} Kc3 {[%emt 0:00:00]} 80. Kb1 {[%emt 0:00:00]} Rg2 {[%emt 0:00:00]} 81. Ka1 {[%emt 0:00:01]} Kb3 {[%emt 0:00:00]} 82. Kb1 {[%emt 0:00:00]} Rg1# 0-1

[Event "GER-chW Blitz 2019"]
[Site "Magdeburg"]
[Date "2019.05.25"]
[Round "2.6"]
[White "Gheng, Simona"]
[Black "Kotyk, Valeriya"]
[Result "1-0"]
[WhiteElo "1991"]
[BlackElo "1739"]
[Annotator "NA"]
[PlyCount "95"]
[EventDate "2019.05.25"]
[EventType "tourn"]
[EventCountry "GER"]
[SourceTitle "playchess.com"]
[Source "ChessBase"]
[SourceQuality "1"]
[TimeControl "180+2"]

1. e4 {[%emt 0:00:01]} e6 {[%emt 0:00:00]} 2. d4 {[%emt 0:00:01]} d5 {[%emt 0:00:00]} 3. Nd2 {[%emt 0:00:01]} Nf6 {[%emt 0:00:00]} 4. Bd3 {[%emt 0:00:03]} dxe4 {[%emt 0:00:04]} 5. Nxe4 {[%emt 0:00:02]} Be7 {[%emt 0:00:09]} 6. Nf3 {[%emt 0:00:02]} O-O {[%emt 0:00:02]} 7. O-O {[%emt 0:00:02]} b6 {[%emt 0:00:02]} 8. c3 {[%emt 0:00:01]} Bb7 {[%emt 0:00:01]} 9. Nxf6+ {[%emt 0:00:07]} Bxf6 {[%emt 0:00:01]} 10. Bc2 {[%emt 0:00:05]} Nd7 {[%emt 0:00:03]} 11. Qd3 {[%emt 0:00:01]} g6 {[%emt 0:00:01]} 12. Bh6 {[%emt 0:00:01]} Re8 {[%emt 0:00:04]} 13. Rfe1 {[%emt 0:00:15]} c5 {[%emt 0:00:05]} 14. Rad1 {[%emt 0:00:07]} cxd4 {[%emt 0:00:04]} 15. Nxd4 {[%emt 0:00:01]} Nc5 {[%emt 0:00:05]} 16. Qg3 {[%emt 0:00:22]} Qb8 {[%emt 0:00:04]} 17. Qxb8 {[%emt 0:00:21]} Raxb8 {[%emt 0:00:00]} 18. Nb5 {[%emt 0:00:04]} a6 {[%emt 0:00:21]} 19. Nd6 {[%emt 0:00:04]} Red8 {[%emt 0:00:08]} 20. Bf4 {[%emt 0:00:04]} Ra8 {[%emt 0:00:06]} 21. Nxb7 {[%emt 0:00:04]} Nxb7 {[%emt 0:00:01]} 22. Bc7 {[%emt 0:00:03]} Rxd1 {[%emt 0:00:01]} 23. Rxd1 {[%emt 0:00:01]} b5 {[%emt 0:00:03]} 24. Be4 {[%emt 0:00:02]} Rc8 {[%emt 0:00:09]} 25. Bxb7 {[%emt 0:00:05]} Rxc7 {[%emt 0:00:01]} 26. Bxa6 {[%emt 0:00:01]} Rc5 {[%emt 0:00:09]} 27. g3 {[%emt 0:00:05]} Kf8 {[%emt 0:00:08]} 28. Rd7 {[%emt 0:00:05]} b4 {[%emt 0:00:22]} 29. cxb4 {[%emt 0:00:09]} Rc2 {[%emt 0:00:01]} 30. b5 {[%emt 0:00:09]} Rxb2 {[%emt 0:00:02]} 31. a4 {[%emt 0:00:02]} Bd4 {[%emt 0:00:07]} 32. Rxd4 {[%emt 0:00:02]} Ke7 {[%emt 0:00:04]} 33. Kg2 {[%emt 0:00:06]} f6 {[%emt 0:00:01]} 34. Kf3 e5 35. Rc4 {[%emt 0:00:02]} f5 {[%emt 0:00:03]} 36. Rc6 {[%emt 0:00:03]} Rb3+ {[%emt 0:00:03]} 37. Ke2 {[%emt 0:00:02]} Kd7 {[%emt 0:00:04]} 38. Bc8+ {[%emt 0:00:03]} Ke7 {[%emt 0:00:03]} 39. b6 {[%emt 0:00:02]} g5 {[%emt 0:00:06]} 40. b7 {[%emt 0:00:03]} f4 {[%emt 0:00:02]} 41. gxf4 {[%emt 0:00:01]} gxf4 {[%emt 0:00:01]} 42. a5 {[%emt 0:00:02]} e4 {[%emt 0:00:02]} 43. a6 {[%emt 0:00:02]} Rb2+ {[%emt 0:00:04]} 44. Kd1 {[%emt 0:00:02]} e3 {[%emt 0:00:11]} 45. fxe3 {[%emt 0:00:01]} fxe3 {[%emt 0:00:01]} 46. Bg4 {[%emt 0:00:06]} Kf7 {[%emt 0:00:08]} 47. Rc8 {[%emt 0:00:04]} Rxh2 {[%emt 0:00:06]} 48. b8=Q {[%emt 0:00:05]} 1-0

[Event "GER-chW Blitz 2019"]
[Site "Magdeburg"]
[Date "2019.05.25"]
[Round "2.7"]
[White "Kunze, Kerstin"]
[Black "Silz, Elisa"]
[Result "1-0"]
[WhiteElo "2066"]
[BlackElo "1977"]
[Annotator "NA"]
[PlyCount "167"]
[EventDate "2019.05.25"]
[EventType "tourn"]
[EventCountry "GER"]
[SourceTitle "playchess.com"]
[Source "ChessBase"]
[SourceQuality "1"]
[TimeControl "180+2"]

1. e4 {[%emt 0:00:00]} c5 {[%emt 0:00:00]} 2. Nf3 {[%emt 0:00:01]} d6 {[%emt 0:00:00]} 3. d4 {[%emt 0:00:02]} cxd4 {[%emt 0:00:01]} 4. Qxd4 {[%emt 0:00:01]} Nc6 {[%emt 0:00:01]} 5. Bb5 {[%emt 0:00:01]} Bd7 {[%emt 0:00:01]} 6. Bxc6 {[%emt 0:00:01]} Bxc6 {[%emt 0:00:00]} 7. c4 {[%emt 0:00:01]} Nf6 {[%emt 0:00:02]} 8. Nc3 {[%emt 0:00:01]} e6 {[%emt 0:00:02]} 9. O-O {[%emt 0:00:02]} Be7 {[%emt 0:00:01]} 10. Re1 {[%emt 0:00:08]} O-O {[%emt 0:00:02]} 11. b3 {[%emt 0:00:10]} Nd7 {[%emt 0:00:07]} 12. Bb2 {[%emt 0:00:07]} Nf6 {[%emt 0:00:15]} 13. Rad1 {[%emt 0:00:05]} Qc7 {[%emt 0:00:01]} 14. h3 {[%emt 0:00:05]} a6 {[%emt 0:00:00]} 15. Qd2 {[%emt 0:00:19]} b5 {[%emt 0:00:06]} 16. Qe2 {[%emt 0:00:42]} b4 {[%emt 0:00:05]} 17. Nb1 {[%emt 0:00:10]} Bxe4 {[%emt 0:00:10]} 18. Nd4 {[%emt 0:00:04]} Bg6 {[%emt 0:00:10]} 19. Qf3 {[%emt 0:00:05]} Rfe8 {[%emt 0:00:15]} 20. Nc6 {[%emt 0:00:15]} Be4 {[%emt 0:00:17]} 21. Nxe7+ {[%emt 0:00:01]} Qxe7 {[%emt 0:00:02]} 22. Rxe4 {[%emt 0:00:01]} Nxe4 {[%emt 0:00:02]} 23. Qxe4 {[%emt 0:00:01]} Rad8 {[%emt 0:00:09]} 24. Nd2 {[%emt 0:00:02]} f5 {[%emt 0:00:05]} 25. Qd4 {[%emt 0:00:04]} e5 {[%emt 0:00:03]} 26. Qd5+ {[%emt 0:00:02]} Qf7 {[%emt 0:00:05]} 27. Qxf7+ {[%emt 0:00:07]} Kxf7 {[%emt 0:00:00]} 28. Nf1 {[%emt 0:00:01]} f4 {[%emt 0:00:06]} 29. f3 {[%emt 0:00:00]} g5 {[%emt 0:00:02]} 30. Rd5 {[%emt 0:00:02]} Re6 {[%emt 0:00:10]} 31. Nd2 {[%emt 0:00:01]} h6 {[%emt 0:00:03]} 32. Ne4 {[%emt 0:00:01]} Ke7 {[%emt 0:00:05]} 33. Bc1 {[%emt 0:00:04]} Rg6 {[%emt 0:00:07]} 34. Bd2 {[%emt 0:00:01]} Rb8 {[%emt 0:00:05]} 35. Be1 {[%emt 0:00:10]} h5 {[%emt 0:00:06]} 36. Nxg5 {[%emt 0:00:21]} Rbg8 {[%emt 0:00:16]} 37. h4 {[%emt 0:00:02]} Rb8 {[%emt 0:00:10]} 38. Ra5 {[%emt 0:00:01]} Rb6 {[%emt 0:00:02]} 39. Rd5 {[%emt 0:00:01]} Rb8 {[%emt 0:00:03]} 40. Ne4 {[%emt 0:00:01]} Rbg8 {[%emt 0:00:03]} 41. Ng5 {[%emt 0:00:01]} Rb8 {[%emt 0:00:00]} 42. Bf2 {[%emt 0:00:02]} Kd7 {[%emt 0:00:06]} 43. Ne4 {[%emt 0:00:04]} Ke7 {[%emt 0:00:02]} 44. Ra5 {[%emt 0:00:04]} Rbg8 {[%emt 0:00:09]} 45. Ng5 {[%emt 0:00:01]} Ra8 46. Kf1 {[%emt 0:00:03]} Kd7 {[%emt 0:00:05]} 47. Rd5 {[%emt 0:00:02]} Kc6 {[%emt 0:00:03]} 48. Ke2 {[%emt 0:00:01]} a5 {[%emt 0:00:04]} 49. Be1 {[%emt 0:00:21]} a4 {[%emt 0:00:09]} 50. Bxb4 {[%emt 0:00:03]} axb3 {[%emt 0:00:01]} 51. axb3 {[%emt 0:00:01]} Ra2+ {[%emt 0:00:00]} 52. Kd3 {[%emt 0:00:01]} Rxg2 {[%emt 0:00:06]} 53. Ke4 {[%emt 0:00:00]} Rf6 {[%emt 0:00:06]} 54. c5 {[%emt 0:00:06]} Re2+ {[%emt 0:00:03]} 55. Kd3 {[%emt 0:00:01]} Re3+ {[%emt 0:00:02]} 56. Kc2 {[%emt 0:00:03]} dxc5 {[%emt 0:00:09]} 57. Rxc5+ Kb6 58. Rd5 {[%emt 0:00:03]} Rc6+ {[%emt 0:00:02]} 59. Kb2 {[%emt 0:00:01]} Re2+ {[%emt 0:00:02]} 60. Ka3 {[%emt 0:00:01]} Rcc2 {[%emt 0:00:04]} 61. Be7 {[%emt 0:00:11]} Rc3 {[%emt 0:00:08]} 62. Kb4 {[%emt 0:00:06]} Ree3 {[%emt 0:00:01]} 63. Rd7 {[%emt 0:00:05]} Rxb3+ 64. Kc4 {[%emt 0:00:02]} Rbc3+ {[%emt 0:00:06]} 65. Kd5 {[%emt 0:00:01]} Rcd3+ {[%emt 0:00:02]} 66. Ke6 {[%emt 0:00:00]} Rxd7 {[%emt 0:00:02]} 67. Kxd7 {[%emt 0:00:01]} Kb5 {[%emt 0:00:05]} 68. Ke6 {[%emt 0:00:02]} Kc4 {[%emt 0:00:01]} 69. Kf5 {[%emt 0:00:00]} Kd3 {[%emt 0:00:01]} 70. Bc5 {[%emt 0:00:01]} Re2 {[%emt 0:00:02]} 71. Bd6 {[%emt 0:00:01]} Kd4 {[%emt 0:00:02]} 72. Bb8 {[%emt 0:00:04]} Re3 {[%emt 0:00:05]} 73. Ba7+ {[%emt 0:00:01]} Kd3 {[%emt 0:00:01]} 74. Bxe3 {[%emt 0:00:06]} fxe3 {[%emt 0:00:00]} 75. f4 {[%emt 0:00:01]} e2 {[%emt 0:00:03]} 76. Nf3 {[%emt 0:00:00]} Ke3 {[%emt 0:00:01]} 77. Ne1 {[%emt 0:00:01]} Kf2 {[%emt 0:00:02]} 78. Nc2 {[%emt 0:00:00]} Kg3 {[%emt 0:00:05]} 79. fxe5 Kxh4 {[%emt 0:00:02]} 80. e6 {[%emt 0:00:02]} Kg3 {[%emt 0:00:01]} 81. e7 {[%emt 0:00:01]} h4 {[%emt 0:00:00]} 82. e8=Q {[%emt 0:00:01]} h3 {[%emt 0:00:01]} 83. Qe3+ {[%emt 0:00:02]} Kg2 {[%emt 0:00:02]} 84. Qxe2+ {[%emt 0:00:01]} 1-0

[Event "GER-chW Blitz 2019"]
[Site "Magdeburg"]
[Date "2019.05.25"]
[Round "2.9"]
[White "Daemering, Katrin"]
[Black "Birkholz, Olga"]
[Result "1-0"]
[WhiteElo "2003"]
[BlackElo "2031"]
[Annotator "NA"]
[PlyCount "139"]
[EventDate "2019.05.25"]
[EventType "tourn"]
[EventCountry "GER"]
[SourceTitle "playchess.com"]
[Source "ChessBase"]
[SourceQuality "1"]
[TimeControl "180+2"]

1. Nf3 {[%emt 0:00:00]} Nf6 {[%emt 0:00:00]} 2. g3 {[%emt 0:00:02]} g6 {[%emt 0:00:01]} 3. Bg2 {[%emt 0:00:01]} Bg7 {[%emt 0:00:00]} 4. d3 {[%emt 0:00:01]} O-O {[%emt 0:00:02]} 5. e4 {[%emt 0:00:01]} d6 {[%emt 0:00:01]} 6. O-O {[%emt 0:00:02]} Nbd7 {[%emt 0:00:07]} 7. h3 {[%emt 0:00:01]} Rb8 {[%emt 0:00:01]} 8. c4 {[%emt 0:00:06]} a6 {[%emt 0:00:06]} 9. Nc3 {[%emt 0:00:09]} b5 {[%emt 0:00:08]} 10. cxb5 {[%emt 0:00:07]} axb5 {[%emt 0:00:01]} 11. a3 {[%emt 0:00:05]} Ba6 {[%emt 0:00:08]} 12. Be3 {[%emt 0:00:09]} c5 {[%emt 0:00:04]} 13. Ne1 {[%emt 0:00:10]} Qc8 {[%emt 0:00:08]} 14. f4 {[%emt 0:00:12]} b4 {[%emt 0:00:23]} 15. axb4 {[%emt 0:00:16]} cxb4 {[%emt 0:00:01]} 16. Ne2 {[%emt 0:00:03]} Nc5 {[%emt 0:00:10]} 17. Rc1 {[%emt 0:00:22]} Qd8 {[%emt 0:00:09]} 18. e5 {[%emt 0:00:10]} Nfd7 {[%emt 0:00:03]} 19. d4 {[%emt 0:00:02]} Bxe2 {[%emt 0:00:19]} 20. Qxe2 {[%emt 0:00:01]} Nb3 {[%emt 0:00:00]} 21. Rd1 {[%emt 0:00:10]} Na5 {[%emt 0:00:14]} 22. Nd3 {[%emt 0:00:09]} b3 {[%emt 0:00:05]} 23. Rc1 {[%emt 0:00:08]} Nb6 {[%emt 0:00:04]} 24. Bd2 {[%emt 0:00:09]} Nac4 {[%emt 0:00:02]} 25. Bc3 {[%emt 0:00:02]} d5 {[%emt 0:00:04]} 26. Nc5 {[%emt 0:00:02]} Nd7 {[%emt 0:00:10]} 27. Bxd5 {[%emt 0:00:06]} Nxc5 {[%emt 0:00:05]} 28. Bxc4 {[%emt 0:00:02]} Na4 {[%emt 0:00:03]} 29. Rfd1 {[%emt 0:00:11]} e6 {[%emt 0:00:02]} 30. Be1 {[%emt 0:00:05]} Qb6 {[%emt 0:00:04]} 31. Bf2 {[%emt 0:00:04]} Qa5 {[%emt 0:00:07]} 32. d5 {[%emt 0:00:05]} exd5 {[%emt 0:00:09]} 33. Rxd5 {[%emt 0:00:01]} Qc7 {[%emt 0:00:08]} 34. Rdd1 {[%emt 0:00:05]} Qe7 {[%emt 0:00:02]} 35. Bd4 {[%emt 0:00:08]} Rfc8 {[%emt 0:00:03]} 36. Qd3 {[%emt 0:00:12]} Nc5 {[%emt 0:00:03]} 37. Qe3 {[%emt 0:00:06]} Ne6 {[%emt 0:00:04]} 38. Bxe6 {[%emt 0:00:03]} Qxe6 {[%emt 0:00:01]} 39. Rxc8+ {[%emt 0:00:02]} Rxc8 {[%emt 0:00:00]} 40. Bc3 {[%emt 0:00:04]} Bf8 {[%emt 0:00:03]} 41. Kh2 {[%emt 0:00:03]} Bc5 {[%emt 0:00:01]} 42. Qd3 {[%emt 0:00:03]} Bb6 {[%emt 0:00:05]} 43. Qd6 {[%emt 0:00:04]} Qc4 {[%emt 0:00:10]} 44. Rd2 {[%emt 0:00:07]} Be3 {[%emt 0:00:02]} 45. Rd3 {[%emt 0:00:09]} Qe4 {[%emt 0:00:04]} 46. e6 {[%emt 0:00:04]} Qxe6 {[%emt 0:00:07]} 47. Qxe6 fxe6 {[%emt 0:00:01]} 48. Rxe3 {[%emt 0:00:04]} Kf7 {[%emt 0:00:00]} 49. Rd3 {[%emt 0:00:01]} Rc7 {[%emt 0:00:02]} 50. Kg2 {[%emt 0:00:02]} Ke7 {[%emt 0:00:01]} 51. Kf3 {[%emt 0:00:01]} Kf7 {[%emt 0:00:01]} 52. Ke4 {[%emt 0:00:01]} Rc4+ {[%emt 0:00:02]} 53. Ke3 {[%emt 0:00:02]} Rc7 {[%emt 0:00:01]} 54. Kd4 {[%emt 0:00:01]} Rd7+ {[%emt 0:00:01]} 55. Kc4 {[%emt 0:00:02]} Rc7+ {[%emt 0:00:01]} 56. Kxb3 Rb7+ 57. Kc2 {[%emt 0:00:02]} Ke7 {[%emt 0:00:03]} 58. Be5 {[%emt 0:00:01]} h5 {[%emt 0:00:02]} 59. Rc3 {[%emt 0:00:01]} Rd7 {[%emt 0:00:01]} 60. Rc7 {[%emt 0:00:01]} Rxc7+ {[%emt 0:00:02]} 61. Bxc7 {[%emt 0:00:01]} Kd7 {[%emt 0:00:00]} 62. Be5 {[%emt 0:00:01]} Kc6 {[%emt 0:00:01]} 63. Kc3 {[%emt 0:00:00]} Kd5 {[%emt 0:00:01]} 64. b4 {[%emt 0:00:01]} Kc6 {[%emt 0:00:02]} 65. Kc4 {[%emt 0:00:01]} Kb6 {[%emt 0:00:02]} 66. Bd6 {[%emt 0:00:01]} Kc6 {[%emt 0:00:01]} 67. Bc5 {[%emt 0:00:02]} Kd7 {[%emt 0:00:01]} 68. Kd4 {[%emt 0:00:00]} Kc6 {[%emt 0:00:00]} 69. Ke5 {[%emt 0:00:01]} Kd7 {[%emt 0:00:02]} 70. b5 {[%emt 0:00:01]} 1-0